000 02124nam0a22003851 4500
001 RU\NLR\A2V1719\12224
005 20251203171251.9
012 _ac.O, 3.in s.i- suui 3 1764A
_5NLR: 10.20.8.22 Аллиг.39
035 _a(NLR Aleph) 009854024
090 _a10358011
_c10358011
100 _a20091125d1764 u y0rusy50 ca
101 0 _alat
102 _aRU
200 1 _aExercitatio iuridica inauguralis De transactionis validae consectariis, quam ... publicae disquisitioni offert Wilhelmus Bernhardus Jester ... opponentium spartam ornaturi sunt Fridericus Ernest. Jester, Reg. Bor. I.U.C. Daniel. Andreas Zernecke, Gedan. I.U.C. Carol. Gottl. Bock, Friedl. Boruss. I.U.C. d. 6. Sept. a. 1764. ...
210 _aRegiomonti [Kaliningrad]
_cLitteris Hartungianis
_d[1764]
215 _a[4], 32 с.
_d4°(19 см)
307 _aЗаставка. Sign.: A-D4
316 _aПрипл. к: Flörcke J.E. von. Dissertatio iuridica De contractu aestimatorio tanquam contractu nominato ... - Halae Magdeburgicae [Halle a.d.S., 1756]
_510.20.8.22 Аллиг.39
482 0 _1001RU\NLR\A2V1719\12180
_12001#$aDissertatio iuridica De contractu aestimatorio tanquam contractu nominato, quam praeside ... D. Ioanne Ernesto Floercke ... ad diem XXVII. Novembr. MDCCLVI. H.L.Q.C. publico eruditorum examini submittit auctor Io. Fridericus Augustus Spekhun Magdeburgensis ...
_1700#1$6z01790$aFlörcke$bJ.E. von$f1695-1762$gJohann Ernst von$4070
517 1 _aDe transactionis validae consectariis ...
620 _dKaliningrad
700 1 _6z01790
_aJester
_bW.B.
_f1736-1785
_gWilhelm Bernhard
_4070
702 1 _6z02790
_aJester
_bF.E.
_f1743-1822
_gFriedrich Ernst
_4570
702 1 _aZernecke
_bD.A.
_gDaniel Andreas
_4570
702 1 _aBock
_bC.G.
_gCarol. Gottl.
_4570
702 1 _aHartung
_bJ.H.
_f1699-1756
_gJohann Heinrich
_4610
790 1 _6z01700
_aJester
_gWilhelmus Bernhardus
_4070
790 1 _6z02702
_aJester
_gFridericus Ernest.
_4570
801 0 _aRU
_bNLR
_c20091125
852 _aNLR
_j10.20.8.22 Аллиг.39
942 _cBOOK
980 _aNB
980 _ain1719v